000 00651nam a2200217 a 4500
999 _c1138
_d1138
008 191203s2011 xxua|||g |||| 00| 0 eng d
020 _a9788175967960
_cRs. 395.00
040 _aKO
_beng
041 0 _aeng
044 _axxu
082 0 4 _223
_a658.7
_bL6121
100 1 _aLi, Ling
245 1 0 _aSupply Chain Management :
_bconcepts, techniques and practices : enhancing value through collaboration /
_cLing Li
260 _aNew Jersey :
_bWorld Scientific,
_c2011
300 _axxiii,347 p. :
_bill. ;
_c23 cm
504 _aIncludes Index.
650 0 _aBusiness logistics
_xManagement
_vTextbooks
904 _aA_BOSE
942 _cBK